000 00582nam a2200229Ia 4500
003 OSt
005 20220918194555.0
006 a|||||r|||| 00| 0
007 ta
008 220917b |||||||| |||| 00| 0 eng d
024 _a80,249
037 _cTextual
040 _aARTS
_cARTS
_beng
041 _2eng
_aeng
082 _aS:5, J3
100 _aRemits E L
_985711
245 0 _aFeeling of supertority and anxiety superior
_bthe Ottawa pilot study
260 _c1953
650 _aPSYCHOLOGY
942 _hS:5, J3
_cTEXL
_2CC
999 _c203975
_d203975